000 01273nam0a2200337 4500
001 RU\NLR\bibl\211716
005 20260409072930.0
010 _a5-87532-033-8
_91000
021 _aRU
_b2001-51162
_92475
035 _a(NLR Aleph) 000207922
090 _a1206386
_c1206386
100 _a20011210d2000 |||y0rusy50 ca
101 0 _arus
102 _aRU
105 _aa |||||||||
200 1 _aУбийство Романовых
_fПавел Булыгин
_g[Предисл. Т. Максимовой]
210 _aМ.
_cAcademia
_d2000
215 _a286, [2] с., [4] л. ил., портр.
_cил., факс., портр.
_d21
320 _aБиблиогр.: с. 285-286
600 0 _aНиколай
_dII
_cимператор российский
_f1868 - 1918
_3RU\NLR\auth\66761509
_91708972
602 _aРомановы (династия)
_f1613-1917
_2psbo
602 _aРомановы (семья)
_3RU\NLR\auth\661238026
_92063640
686 _aТ3(2)524.2
686 _aШ6(2=Р)6-4
700 1 _4070
_7ca
_8rus
_aБулыгин
_bП. П.
_f1896-1936
_gПавел Петрович
_92641829
_3RU\NLR\AUTH\770272374
801 0 _aRU
_bNLR
_c20011210
_gPSBO
801 1 _aRU
_bNLR
_c20011210
942 _cBOOK
980 _aNB